000 00343 a2200169 4500
001 186463
020 _a85-08-7294-5
040 _cMagnum
100 _aRocha, Ruth
240 1 0 _aPedrinho pintor
_lpor
245 1 0 _aPedrinho pintor
300 _a40
362 0 _a2002
440 1 _aÁtica
697 _aLITERATURA INFANTIL
942 _cBK
999 _c186463
_d186463